000 00843nas a2200289 4500
001 BR9206567
003 BR-BrBNA
005 20231205092935.0
007 ta
008 230509b bl.|||p| |||| 00| 00por d
040 _aBR-BrBNA
_bpor
_cBiblioteca Nacional de Agricultura
041 _a(Pt)
072 _aL70; L74
100 1 _aBernardi, M.M.
100 1 _aGaviolle, M.C.
100 1 _aSpinosa, H.S.
100 1 _aSinhorini, I.L.
100 1 _aPalermo Neto, J.
100 1 _aCastro, V.L.S.S.
245 1 _aSignificado anatomopatologico dos niveis plasticos de aldrin
650 _aANIMAL DE LABORATORIO
650 _aMEDICAMENTO
650 _aINTOXICACAO
773 0 _tARS Veterinaria (Brazil)
_xISSN 0102-6380
_g(Jun 1988), v. 4(1) p. 125-134
_wBR9206567
909 _a202311
_bLúcia
_c55
_dLúcia Elande
942 _2AGRIS
_n0
_cANA
999 _c135251
_d135251